000 00691nam a22002177a 4500
003 0
005 20250912110053.0
008 250912b xxu||||| |||| 00| 0 eng d
020 _a978-93-48196-61-3
050 _aTK 5105.875.I57
_b.S56 2025
100 _aSimpson, Phil,
_eauthor.
245 _aTCP/IP protocol suite /
_cPhil Simpson.
250 _aFirst edition.
260 _aNew Delhi, India :
_bVenus Books,
_c2025.
300 _aix, 232 pages :
_billustrations ;
_c24 cm.
504 _aIncludes bibliographical references and index.
650 _aTCP/IP (Computer network protocol).
650 _aComputer networks
_xProtocols.
650 _aInternet
_xProtocols.
942 _2lcc
_cBK
999 _c367922
_d367922